Cities by Famous Structures - Statistics

General Stats
  • This quiz has been taken 37 times
  • The average score is 12 of 15
Answer Stats
Picture Answer % Correct
Paris, France
100%
New York, USA
97%
Rio de Janiero, Brazil
97%
Rome, Italy
97%
Dubai, UAE
94%
Athens, Greece
90%
Sydney, Australia
90%
Toronto, Canada
84%
Mecca, Saudi Arabia
77%
Kuala Lumpur, Malaysia
71%
Chicago, USA
68%
Agra, India
65%
St. Louis, USA
65%
Taipei, Taiwan
48%
Bilbao, Spain
45%
No matching quizzes found
Score Distribution
Percent of People with Each Score
Percentile by Number Answered
Your Score History
You have not taken this quiz